00348nam a22001337a 4500020001800000040000900018082001400027100002100041245004300062260003400105300001100139650001700150651004700167 a9781934408018 cNUST a158.1,RUI aRuiz, Don Miguel aThe four agreements /cDon Miguel Ruiz aCaliforniabAmber-Allenc1997 a92.p.; aIdentifying  abreaking free from self- limiting societal